Σχεδιασμός και δημιουργία πολυμεσικού υλικού για την υποστήριξη της κατάκτησης βασικού λεξιλογίου της αγγλικής γλώσσας από παιδιά προσχολικής ηλικίας : διπλωματική εργασία [μεταπτυχιακή εργασία]

Αποθηκεύτηκε σε:
Λεπτομέρειες βιβλιογραφικής εγγραφής
Κύριος συγγραφέας: Μπίστινα, Βασιλική
Συγγραφή απο Οργανισμό/Αρχή: Πανεπιστήμιο Αιγαίου Σχολή Ανθρωπιστικών Επιστημών Παιδαγωγικό Τμήμα Δημοτικής Εκπαίδευσης Πρόγραμμα Μεταπτυχιακών Σπουδών Επιστήμες της Αγωγής - Εκπαίδευση με τη Χρήση Νέων Τεχνολογιών
Άλλοι συγγραφείς: Κούρτη-Καζούλλη, Βασιλεία (Εισηγητής διατριβής)
Μορφή: Thesis Βιβλίο
Γλώσσα:Greek
Δημοσίευση: 2013
Θέματα:
Διαθέσιμο Online:http://hdl.handle.net/11610/16208
Ετικέτες: Προσθήκη ετικέτας
Δεν υπάρχουν, Καταχωρήστε ετικέτα πρώτοι!

MARC

LEADER 00000cam a2200000 i 4500
001 1/32771
008 130708s2013 gre d
035 |l 10114972 
040 |a GR-MY-UA  |b gre  |e aacr 
041 0 |a gre 
082 0 |a 428.24  |2 (22) 
100 1 |a Μπίστινα, Βασιλική. 
245 1 0 |a Σχεδιασμός και δημιουργία πολυμεσικού υλικού για την υποστήριξη της κατάκτησης βασικού λεξιλογίου της αγγλικής γλώσσας από παιδιά προσχολικής ηλικίας :  |b διπλωματική εργασία [μεταπτυχιακή εργασία] /  |c Μπίστινα Βασιλική ; επιβλέπουσα: Καζούλλη Βασιλεία 
260 |c 2013 
300 |a 76 σ.;  |b εικ.;  |c 30 εκ. 
500 |a Μέλη εξεταστικής επιτροπής: Σκούρτου Ελένη, Τσολακίδης Κωνσταντίνος 
502 # # |a Διατριβή (μεταπτυχιακή) – Πανεπιστήμιο Αιγαίου, Ρόδος, 2013. 
504 |a Βιβλιογραφία: σ. 72-75 
650 0 0 |a English language  |x Study and teaching  |x Audio-visual aids. 
650 0 0 |a English language  |x Study and teaching (Early childhood)  |x Foreign speakers. 
650 0 0 |a English language  |x Audio-visual aids. 
650 0 0 |a Dissertations, Academic  |z Greece. 
700 1 |a Κούρτη-Καζούλλη, Βασιλεία.  |4 ths 
710 2 |a Πανεπιστήμιο Αιγαίου  |b Σχολή Ανθρωπιστικών Επιστημών  |b Παιδαγωγικό Τμήμα Δημοτικής Εκπαίδευσης  |b Πρόγραμμα Μεταπτυχιακών Σπουδών Επιστήμες της Αγωγής - Εκπαίδευση με τη Χρήση Νέων Τεχνολογιών. 
852 |a INST  |b RHODES  |c DIATR  |e 20130708  |h 428.24 ΜΠΙ  |p 005400035433  |q 005400035433  |t MTXE  |y 23 
852 |a INST  |b RHODES  |c DIATR  |e 20130708  |h 428.24 ΜΠΙ  |p 005400035434  |q 005400035434  |t MTXE  |y 23 
856 |u http://hdl.handle.net/11610/16208 
901 |a BIBL4-2013-2 
909 |a Ρ  |b 176963 
909 |a Ρ  |b 176964 
924 |a ΜΠΙΣΤΙΝΑ  |b ΒΑΣΙΛΙΚΗ  |y ΡΟΔΟΣ  |z 2013-03 
970 |z 2013/07/08